[Event "3rd Muelheimer UrlaubsOpen"]
[Site "Muelheim GER"]
[Date "2011.08.06"]
[Round "4"]
[White "Heimsoth,H"]
[Black "Walter,A"]
[Result "1-0"]
[WhiteElo "2167"]
[BlackElo "1884"]

1.Nf3 d5 2.g3 Bg4 3.Bg2 Nd7 4.c4 dxc4 5.Qc2 Ngf6 6.Na3 e6 7.Nxc4 Be7 8.Nfe5 c6
9.Nxg4 Nxg4 10.O-O O-O 11.d4 Nb6 12.Na5 Rb8 13.Rd1 Nd7 14.Bd2 Ngf6 15.e4 e5
16.dxe5 Nxe5 17.Bc3 Qc7 18.h3 Bc5 19.Nb3 Bb6 20.Bd4 Rbd8 21.f4 Ng6 22.Bxb6 Qxb6+
23.Qf2 Ne7 24.Nc5 Qc7 25.b4 a5 26.bxa5 Nd7 27.Nxd7 Rxd7 28.Rxd7 Qxd7 29.Rb1 Rb8
30.Qa7 Qd6 31.e5 Nc8 32.exd6 Nxa7 33.d7 Kf8 34.Rxb7  1-0

[Event "112th US Open"]
[Site "Orlando USA"]
[Date "2011.08.06"]
[Round "8"]
[White "Goldin,A"]
[Black "Ramirez,Alej"]
[Result "1/2-1/2"]
[WhiteElo "2561"]
[BlackElo "2592"]

1.Nf3 d5 2.g3 Bg4 3.Bg2 Nd7 4.O-O e5 5.d3 Bd6 6.c4 dxc4 7.dxc4 Ngf6 8.Nc3 O-O
9.b3 e4 10.Ng5 Be5 11.Qc2 Re8 12.Bb2 Bf5 13.Rad1 h6 14.Ngxe4 Nxe4 15.Bxe4 Bxe4
16.Nxe4 Bxb2 17.Nc5 Ba3 18.Rxd7 Qf6 19.Na4 Bd6 20.Rd1 Qe6 21.R7xd6 cxd6 22.Nc3 Rac8
23.Qd3 Qe5 24.Rd2 a6 25.a4 Qa5  1/2-1/2

[Event "Olomouc FIDE Open"]
[Site "Olomouc CZE"]
[Date "2011.08.07"]
[Round "5.4"]
[White "Zakharchenko,A"]
[Black "Jasny,S"]
[Result "1-0"]
[WhiteElo "2202"]
[BlackElo "2366"]

1.Nf3 d5 2.g3 c5 3.Bg2 Nc6 4.d4 e6 5.O-O Nf6 6.c4 Be7 7.Nc3 O-O 8.cxd5 exd5
9.dxc5 Bxc5 10.Na4 Be7 11.Be3 Re8 12.Rc1 Ne4 13.Nd4 Qa5 14.a3 Bd7 15.Nc3 Bf6
16.Nxe4 dxe4 17.b4 Qd8 18.Nb5 Bg4 19.Qc2 Rc8 20.Rcd1 Nd4 21.Qa4 Nxe2+ 22.Kh1 Qe7
23.Qxa7 Nc3 24.Nxc3 Rxc3 25.Bc5 Qe6 26.Rde1 Qc6 27.Bd4 Bxd4 28.Qxd4 h6 29.Re3 Rc1
30.Rfe1 Rxe1+ 31.Rxe1 f5 32.Kg1 Bh5 33.Bf1 Bf7 34.Ra1 Qc7 35.a4 f4 36.Bb5 Rd8
37.Qxe4 fxg3 38.hxg3 Bd5 39.Qe3 Rf8 40.Rd1 Bf3 41.Rd7 Qc2 42.Qd4 Qg6 43.Bc4+ Kh8
44.Rd8 Qf5 45.Bd3 Qf7 46.Rd7 Qg8 47.Rd6  1-0

[Event "112th US Open"]
[Site "Orlando USA"]
[Date "2011.08.07"]
[Round "9"]
[White "Naroditsky,D"]
[Black "Brown,Michael William"]
[Result "1-0"]
[WhiteElo "2451"]
[BlackElo "2121"]

1.Nf3 d5 2.g3 Nf6 3.Bg2 Bf5 4.O-O e6 5.d3 Be7 6.Nbd2 h6 7.b3 O-O 8.Bb2 c5
9.Ne5 Qc7 10.e4 Bh7 11.f4 Nc6 12.Nxc6 Qxc6 13.Qe2 Rfe8 14.Kh1 Rad8 15.g4 Nd7
16.Qf2 Bf6 17.e5 Be7 18.f5 Bg5 19.f6 Qc7 20.fxg7 Re7 21.Nf3 d4 22.Rae1 f6
23.h4 Be3 24.Rxe3 dxe3 25.Qxe3 f5 26.Qxh6 Nf8 27.gxf8=Q+ Rxf8 28.Ng5 Qd7
29.Ne4 Qc8 30.gxf5 Rg7 31.f6 Rg6 32.Qf4 Kh8 33.Nd6 Qd7 34.h5 Rgg8 35.f7 Rg7
36.Qf6  1-0

[Event "Tabor Open"]
[Site "Tabor CZE"]
[Date "2011.08.07"]
[Round "9.20"]
[White "Grill,R"]
[Black "Toman,Antonin"]
[Result "1-0"]
[WhiteElo "2153"]
[BlackElo "1970"]

1.Nf3 d5 2.g3 Nf6 3.Bg2 e6 4.O-O Be7 5.d3 c5 6.Nbd2 Nc6 7.e4 Qc7 8.Re1 dxe4
9.Nxe4 Nxe4 10.Rxe4 Bd7 11.Bf4 Bd6 12.Ng5 Bxf4 13.Rxf4 f6 14.Ne4 Qe5 15.Nd2 O-O-O
16.c3 Qc7 17.b4 e5 18.Rc4 cxb4 19.cxb4 Qb6 20.b5 Qxb5 21.Rb1 Qa6 22.Nb3 Be6
23.Rxc6+ bxc6 24.Nc5 Rxd3 25.Nxa6 Rxd1+ 26.Rxd1 Bxa2 27.Bxc6 Bc4 28.Nb4 a5
29.Rc1 Kc7 30.Be4 Kb6 31.Rxc4 axb4 32.Rxb4+ Kc5 33.Rb7 g6 34.f4 Kd4 35.Bb1 Rc8
36.Kg2 Rc1 37.Rd7+ Kc3 38.Rc7+ Kd2 39.Rxc1 Kxc1 40.Ba2 h6 41.Bf7 g5 42.Kf3 Kd2
43.Bc4 Kc3 44.Ba6 Kd4 45.Bb7 Kd3 46.Bc6 Kd4 47.Be4  1-0

[Event "XV Magistral de la Republica"]
[Site "Villa Martelli ARG"]
[Date "2011.08.07"]
[Round "7"]
[White "Bassan,R"]
[Black "De Dovitiis,A"]
[Result "0-1"]
[WhiteElo "2356"]
[BlackElo "2348"]

1.Nf3 d5 2.g3 e6 3.Bg2 c5 4.O-O Nc6 5.d3 Nf6 6.Nbd2 Be7 7.Re1 b6 8.e4 O-O
9.e5 Ne8 10.Nf1 f5 11.exf6 Bxf6 12.Ne3 e5 13.Nxd5 Qxd5 14.Nxe5 Qxg2+ 15.Kxg2 Nxe5
16.Bf4 Bb7+ 17.Kf1 Ng6 18.c3 Nxf4 19.gxf4 Nc7 20.Qg4 Rad8 21.Rad1 Rd6 22.h4 Bd8
23.h5 Rdf6 24.Qg3 Nd5 25.Re5 Nxf4 26.Rde1 Nxd3 27.Re8 Rxf2+ 28.Kg1 Rg2+ 29.Qxg2 Bxg2
30.R1e3 Nf4 31.R3e5 Bh3  0-1

[Event "37th Badalona Open A"]
[Site "Badalona ESP"]
[Date "2011.08.08"]
[Round "8"]
[White "Panchanathan,M"]
[Black "Cruz,F"]
[Result "1-0"]
[WhiteElo "2556"]
[BlackElo "2406"]

1.Nf3 d5 2.g3 c6 3.Bg2 Bf5 4.O-O h6 5.a4 a5 6.b3 e6 7.Bb2 Nf6 8.d3 Be7 9.Nbd2 O-O
10.Ne5 Nbd7 11.e4 Bh7 12.Nxd7 Qxd7 13.Qe2 Rfd8 14.Rad1 b5 15.Ra1 Rac8 16.Bc3 b4
17.Bb2 Qa7 18.Kh1 Qc5 19.Rac1 Nd7 20.f4 Re8 21.Nf3 Qb6 22.Rce1 Bf6 23.e5 Be7
24.Bd4 c5 25.Bf2 Qc7 26.Nd2 Bf8 27.g4 Nb6 28.Qf3 c4 29.dxc4 Bxc2 30.Rc1 Bh7
31.Bxb6 Qxb6 32.cxd5 exd5 33.Rxc8 Rxc8 34.Qxd5 Rd8 35.Nc4 Rxd5 36.Nxb6 Rd3
37.f5 Bc5 38.Nd5 Be3 39.e6 fxe6 40.fxe6 Bg5 41.h4 Bxh4 42.e7 Bg6 43.Nf4 Bxe7
44.Nxg6 Bd6 45.Bf3 Kh7 46.Ne5 Rxb3 47.Be4+ g6 48.Bd5 Re3 49.Rf7+  1-0

[Event "ch-SLO w 2011"]
[Site "Ljubljana SLO"]
[Date "2011.08.08"]
[Round "3"]
[White "Orehek,S"]
[Black "Vidic,Teja"]
[Result "1-0"]
[WhiteElo "2047"]
[BlackElo "1797"]

1.Nf3 d5 2.g3 Nf6 3.Bg2 c6 4.c4 dxc4 5.O-O Bg4 6.Ne5 Bh5 7.Na3 Nbd7 8.Naxc4 Nxe5
9.Nxe5 Qc7 10.d4 e6 11.Qc2 Rc8 12.e4 Be7 13.Bf4 Qd8 14.Qa4 Be2 15.Rfc1 a6
16.Qb3 O-O 17.Qxb7 Rb8 18.Qxc6 Qxd4 19.Qc3 Qxc3 20.bxc3 Ba3 21.Re1 Bb2 22.Rab1 Bxc3
23.Rxb8 Bxe1 24.Rb7 Rd8 25.h3 Rf8 26.a4 h6  1-0

[Event "64th ch-RUS"]
[Site "Moscow RUS"]
[Date "2011.08.08"]
[Round "1"]
[White "Svidler,P"]
[Black "Kramnik,V"]
[Result "1-0"]
[WhiteElo "2739"]
[BlackElo "2781"]

1.Nf3 d5 2.g3 Nf6 3.Bg2 c6 4.d3 Bg4 5.Nbd2 Nbd7 6.h3 Bh5 7.g4 Bg6 8.Nh4 e6
9.e3 Bd6 10.Qe2 Qc7 11.O-O O-O-O 12.Rb1 Qa5 13.a3 Bb8 14.f4 e5 15.f5 e4 16.dxe4 Qc7
17.Rf4 Rde8 18.fxg6 hxg6 19.Nhf3 Qb6 20.e5 Nxe5 21.Nxe5 Bxe5 22.Rf3 Nh7 23.c4 Ng5
24.cxd5 cxd5 25.Nf1 Kb8 26.b4 d4 27.Bd2 Re7 28.Rc1 dxe3 29.Bxe3 Bd4 30.Rg3 Bxe3+
31.Nxe3 Rhe8 32.Rc3 a6 33.Qf2 f6 34.Nc2 Qxf2+ 35.Kxf2 Re2+ 36.Kf1 Rd2 37.Rgd3 Ree2
38.Rxd2 Rxd2 39.Ne3 Ne6 40.Nc4 Rd1+ 41.Kf2 Nf4 42.Bf3 Ra1 43.h4 g5 44.h5  1-0

[Event "XX TCh-MKD"]
[Site "Struga MKD"]
[Date "2011.08.08"]
[Round "1"]
[White "Stamenkov,V"]
[Black "Koteski,D"]
[Result "1-0"]
[WhiteElo "2341"]
[BlackElo "2277"]

1.Nf3 d5 2.g3 c5 3.Bg2 Nc6 4.d4 e6 5.c4 Nf6 6.O-O Be7 7.cxd5 Nxd5 8.dxc5 Bxc5
9.e4 Ndb4 10.Qxd8+ Nxd8 11.Nc3 Bd7 12.Ne5 Bc6 13.a3 Nc2 14.Rb1 f6 15.Nxc6 Nxc6
16.b4 Bd4 17.Nb5 O-O-O 18.Bh3 Rhe8 19.Bf4 g5 20.Nd6+ Rxd6 21.Bxd6 Nxa3 22.Rbc1 Nb5
23.Bc5 Kc7 24.Rfd1 Nc3 25.Bxd4 Ne2+ 26.Kf1 Nxc1 27.Rxc1 e5 28.Bxa7 Ra8 29.Bc5  1-0

[Event "Arad Open A"]
[Site "Arad ROU"]
[Date "2011.08.09"]
[Round "6.11"]
[White "Petre,NT"]
[Black "Tomici,S"]
[Result "1-0"]
[WhiteElo "2354"]
[BlackElo "2118"]

1.Nf3 d5 2.g3 c5 3.Bg2 Nc6 4.O-O Nf6 5.d3 e5 6.Nbd2 Bd6 7.e4 O-O 8.c3 dxe4
9.dxe4 Bc7 10.Qc2 h6 11.Nc4 Be6 12.Ne3 Qe7 13.Re1 Rfd8 14.Nh4 Qf8 15.Bf1 Rd7
16.Bc4 Bxc4 17.Nxc4 Rad8 18.a4 b6 19.Nf5 Ne7 20.Nfe3 Nc8 21.f3 Qe8 22.b3 Qe6
23.Kg2 a6 24.Nf5 Ne7 25.Nxe7+ Qxe7 26.Re2 Rd3 27.Ne3 Qd7 28.c4 Rd6 29.Nd5 Re6
30.Be3 Nxd5 31.cxd5 Ree8 32.a5 Qb5 33.axb6 Bxb6 34.Qc4 Ra8 35.Rea2 Qxc4 36.bxc4 f6
37.Rxa6 Rxa6 38.Rxa6 Rb8 39.Ra2 Rc8 40.Bd2 Kf7 41.Rb2 Ra8 42.Rxb6 Ra2 43.Rb7+ Kf8
44.Rc7 Rxd2+ 45.Kg1 Rd1+ 46.Kf2 Rd2+ 47.Ke3 Rxh2 48.Rxc5  1-0

[Event "Baku Open A"]
[Site "Baku AZE"]
[Date "2011.08.09"]
[Round "4"]
[White "Mchedlishvili,M"]
[Black "Zhigalko,S"]
[Result "0-1"]
[WhiteElo "2618"]
[BlackElo "2689"]

1.Nf3 d5 2.g3 c6 3.c4 dxc4 4.Bg2 Qd5 5.Nc3 Qh5 6.b3 cxb3 7.Qxb3 Nf6 8.Ba3 Nbd7
9.d4 Nb6 10.Ne5 Be6 11.Qb2 Nfd7 12.Nd3 Qa5 13.Bb4 Qa6 14.O-O Bc4 15.Rfd1 Bxd3
16.Rxd3 g6 17.Bf1 Bg7 18.e3 Qc4 19.Rb1 Qe6 20.a4 O-O 21.a5 Nc8 22.Qa3 Rb8
23.d5 cxd5 24.Nxd5 Ne5 25.Rdd1 Nc6 26.Bg2 Nxb4 27.Qxb4 Be5 28.Rbc1 Bd6 29.Qb5 Rd8
30.Nc7 Qf5 31.Rd5 Qd7 32.Qd3 a6 33.Qb3 e6 34.Rdd1 Qe7  0-1

[Event "20th ZMDI Open A"]
[Site "Dresden GER"]
[Date "2011.08.09"]
[Round "4.15"]
[White "Gutman,L"]
[Black "Rozov,B"]
[Result "1-0"]
[WhiteElo "2451"]
[BlackElo "2171"]

1.Nf3 d5 2.g3 c6 3.Bg2 Bf5 4.O-O e6 5.d3 Bd6 6.c3 Nd7 7.a4 a5 8.c4 dxc4 9.dxc4 Nc5
10.Nc3 Qc7 11.Nd4 Bg6 12.Ndb5 cxb5 13.Nxb5 Qc6 14.Qxd6 Qxd6 15.Nxd6+ Kd7
16.Nxb7  1-0

[Event "64th ch-RUS"]
[Site "Moscow RUS"]
[Date "2011.08.09"]
[Round "2"]
[White "Svidler,P"]
[Black "Karjakin,Sergey"]
[Result "1/2-1/2"]
[WhiteElo "2739"]
[BlackElo "2788"]

1.Nf3 d5 2.g3 c6 3.Bg2 Bg4 4.c4 e6 5.cxd5 exd5 6.O-O Nf6 7.d3 Nbd7 8.Nc3 Bc5
9.h3 Bxf3 10.Bxf3 O-O 11.Qc2 d4 12.Nb1 Qe7 13.Nd2 Ne5 14.Bg2 Rfe8 15.b4 Bxb4
16.Nb3 Bc3 17.Bb2 Bxb2 18.Qxb2 c5 19.Qa3 c4 20.Qxe7 Rxe7 21.dxc4 Nxc4 22.Nxd4 Rd8
23.e3 g6 24.Rfc1 Nd6 25.a4 Rdd7 26.Kf1 Rc7 27.Ke2 Kf8 28.Nb5 Nxb5 29.axb5 b6
30.f4 Rxc1 31.Rxc1 Ne4 32.Rc8+ Kg7 33.Bxe4 Rxe4 34.Rc7 Rb4 35.Rxa7 Rxb5 36.g4 Rb2+
37.Kf3 Rh2 38.Kg3 Re2 39.Kf3 Rh2 40.Ke4  1/2-1/2

[Event "50th World Juniors"]
[Site "Chennai IND"]
[Date "2011.08.10"]
[Round "8.26"]
[White "Getz,N"]
[Black "Benitez Lozano,J"]
[Result "1-0"]
[WhiteElo "2385"]
[BlackElo "1994"]

1.Nf3 d5 2.g3 Nf6 3.Bg2 c5 4.c4 e6 5.O-O Be7 6.cxd5 exd5 7.d4 O-O 8.Nc3 Be6
9.dxc5 Bxc5 10.Bg5 Nbd7 11.Nd4 h6 12.Be3 Rc8 13.Rc1 Qe7 14.Nc2 Nb6 15.Bd4 Rfd8
16.Ne3 Ng4 17.Nxg4 Bxg4 18.b3 Be6 19.Qd2 Bxd4 20.Qxd4 Qc5 21.Qd2 Qb4 22.Nb1 Qxd2
23.Nxd2 Kf8 24.Nf3 Ke7 25.Nd4 a6 26.Rcd1 Rc3 27.f4 f6 28.Rfe1 Bg4 29.Kf2 Kf8
30.h3 Bd7 31.e4 Kf7 32.exd5 Rc5 33.Ne6 Rc2+ 34.Re2 Rxe2+ 35.Kxe2 Rc8 36.Nd4 Ke7
37.Rd2 g5 38.Nc2 Kd6 39.Ne3 h5 40.fxg5 fxg5 41.h4 Bb5+ 42.Kf2 Rf8+ 43.Kg1 gxh4
44.gxh4 Bd7 45.Rf2 Rg8 46.Rf6+ Kc5 47.Kf2 a5 48.Bf3 Be8 49.Rf5 Nc8 50.d6+ Kb4
51.Nc2+  1-0

[Event "50th World Juniors"]
[Site "Chennai IND"]
[Date "2011.08.10"]
[Round "8.6"]
[White "Vidit,S"]
[Black "Robson,R"]
[Result "1/2-1/2"]
[WhiteElo "2492"]
[BlackElo "2560"]

1.Nf3 d5 2.g3 Bg4 3.Bg2 Nd7 4.c4 e6 5.cxd5 exd5 6.Nc3 c6 7.d3 Ngf6 8.O-O Bc5
9.h3 Bh5 10.d4 Bd6 11.Nh4 O-O 12.Qd3 Re8 13.Bg5 Nf8 14.e3 Ne6 15.Bxf6 Qxf6
16.a3 a5 17.f4 Rad8 18.Nf3 Bxf3 19.Bxf3 Nc7 20.Rae1 Re7 21.Re2 Rde8 22.Bg2 Qe6
23.e4 Qg6 24.Rd1 dxe4 25.Bxe4 Qh5 26.Kg2 Ne6 27.Qf3 Qxf3+ 28.Bxf3 Nc7 29.Rxe7 Rxe7
30.d5 c5 31.Rc1 b6 32.Na4 Na8 33.b4 axb4 34.axb4 Rc7 35.bxc5 bxc5 36.Nc3 Kf8
37.Nb5 Rd7 38.Nxd6 Rxd6 39.Rxc5 Ke7 40.Kf2 Ra6 41.Be2 Kd6 42.Rc8 Ra2 43.Rh8 Nc7
44.Rxh7 Nxd5 45.Ke1 Ra1+ 46.Kf2 Ra2 47.Ke1 Ra1+ 48.Kf2  1/2-1/2

[Event "29th World Junior Girls"]
[Site "Chennai IND"]
[Date "2011.08.10"]
[Round "8.17"]
[White "Lasya,G"]
[Black "Olsarova,K"]
[Result "0-1"]
[WhiteElo "1898"]
[BlackElo "2282"]

1.Nf3 d5 2.g3 Nf6 3.Bg2 Bf5 4.d3 e6 5.O-O h6 6.Nbd2 Be7 7.Ne5 Nbd7 8.Nxd7 Nxd7
9.e4 dxe4 10.dxe4 Bh7 11.Nb3 O-O 12.Be3 c6 13.h3 Qc7 14.Qe2 Nf6 15.Rad1 Bxe4
16.Bxe4 Nxe4 17.Bxh6 Nxg3 18.fxg3 Qxg3+ 19.Qg2 Qxg2+ 20.Kxg2 gxh6 21.Rd7 Bg5
22.Rxb7 f5 23.Nd4 Rf7 24.Rxf7 Kxf7 25.Nxc6 Rc8 26.Nxa7 Rxc2+ 27.Rf2 Rxf2+
28.Kxf2 Bf6 29.Nc6 Bxb2 30.a4 Ke8 31.Nb4 Kd7 32.Ke3 Bc3 33.Na2 Ba5 34.Nc1 Bb6+
35.Kf4 Bc7+ 36.Ke3 e5 37.Nb3 Kc6 38.Nd2 Kd5 39.Nb1 e4 40.Nc3+ Ke5 41.Kf2 f4
42.Nb1 f3 43.Kg3 Kd4+ 44.Kf2 Kd3 45.Na3 Bb6+ 46.Kg3 f2 47.Kg2 Ke2  0-1

[Event "19th Vidmar Mem"]
[Site "Ljubljana SLO"]
[Date "2011.08.10"]
[Round "5"]
[White "Skoberne,J"]
[Black "Mazi,L"]
[Result "0-1"]
[WhiteElo "2563"]
[BlackElo "2332"]

1.g3 d5 2.Nf3 c6 3.Bg2 Bg4 4.O-O Nd7 5.d4 Ngf6 6.Nbd2 e6 7.Re1 Be7 8.c3 O-O
9.e4 h6 10.Qb3 Qb6 11.exd5 cxd5 12.Ne5 Qxb3 13.axb3 Nxe5 14.dxe5 Nd7 15.b4 a6
16.Nb3 Rac8 17.f4 Rfe8 18.Be3 g5 19.h3 Bh5 20.Nd4 gxf4 21.gxf4 Kh7 22.Bf2 Rg8
23.Kh2 Bd8 24.Rac1 Bc7 25.c4 Nb6 26.b3 Bd8 27.b5 axb5 28.c5 Nd7 29.b4 Nb8
30.Nxb5 Nc6 31.Rb1 Ra8 32.Rb2 Nxb4 33.Bf1 Nc6 34.Nd6 Ra4 35.Bd3+ Kh8 36.Rg1 Rxf4
37.Rxg8+ Kxg8 38.Nxb7 Bc7 39.Nd6 Nxe5 40.Be3 Nxd3 41.Rg2+ Bg6 42.Bxf4 Nxf4
43.Ra2 d4 44.Ra8+ Kh7 45.Ra7 Nd5 46.Kg1 d3 47.Kf1 Bh5 48.Ke1 Kg6 49.Kd2 Be2  0-1

[Event "23rd Jirasek Mem OpA"]
[Site "Rakovnik CZE"]
[Date "2011.08.10"]
[Round "6"]
[White "Kozak,Mi"]
[Black "Vykouk,Jan"]
[Result "1/2-1/2"]
[WhiteElo "2232"]
[BlackElo "1792"]

1.Nf3 d5 2.g3 Bf5 3.Bg2 c6 4.O-O Nf6 5.d3 e6 6.Nbd2 Be7 7.Qe1 O-O 8.e4 dxe4
9.dxe4 Bg6 10.Ne5 Nbd7 11.Nxg6 hxg6 12.a4 Nc5 13.e5 Nd5 14.Qe2 Qc7 15.f4 a5
16.Ne4 Nxe4 17.Bxe4 Qb6+ 18.Kh1  1/2-1/2

[Event "9th ch-EU Youth U14"]
[Site "Mureck AUT"]
[Date "2011.08.11"]
[Round "9"]
[White "Ferreira,Luis Pedro"]
[Black "Gaizauskaite,Ginte"]
[Result "0-1"]
[WhiteElo "1789"]
[BlackElo "1685"]

1.Nf3 d5 2.g3 g6 3.Bg2 Bg7 4.O-O e5 5.d3 Ne7 6.Nbd2 O-O 7.e4 h6 8.exd5 Nxd5
9.Nc4 Nc6 10.Re1 Re8 11.a4 Kh7 12.c3 f5 13.Qc2 a6 14.Bd2 Nb6 15.Rad1 Nxc4
16.dxc4 Qe7 17.Be3 Be6 18.b3 Rad8 19.Rxd8 Rxd8 20.Rd1 Rd7 21.Ne1 Rxd1 22.Qxd1 Qd7
23.Qxd7 Bxd7 24.Nd3 e4 25.Nf4 Na5 26.f3 exf3 27.Bxf3 Bxc3 28.Nd5 Be5 29.Bf4 Bd4+
30.Be3 Bxe3+ 31.Nxe3 Bc6 32.Bxc6 Nxc6 33.Kf2 Kg7 34.Ke1 Nd4 35.b4 Nf3+ 36.Ke2 Nxh2
37.b5 Ng4 38.a5 Nxe3 39.Kxe3 Kf7 40.c5 c6  0-1

[Event "Olomouc FIDE Open"]
[Site "Olomouc CZE"]
[Date "2011.08.11"]
[Round "9.12"]
[White "Zakharchenko,A"]
[Black "Maly,Marek2"]
[Result "1-0"]
[WhiteElo "2202"]
[BlackElo "1986"]

1.Nf3 d5 2.g3 Nf6 3.Bg2 e6 4.c4 Be7 5.O-O O-O 6.d4 c5 7.cxd5 Nxd5 8.e4 Nf6
9.Nc3 cxd4 10.Nxd4 e5 11.Nf5 Bxf5 12.exf5 Qxd1 13.Rxd1 Nc6 14.Bg5 Rfd8 15.Bxf6 Bxf6
16.Bxc6 bxc6 17.Ne4 Rd4 18.Rxd4 exd4 19.Rc1 Rc8 20.Kf1 Kf8 21.Nxf6 gxf6 22.Ke2 Ke7
23.Kd3 c5 24.b4 Kd6 25.Rc4 Kd5 26.f4 Rc6 27.bxc5 Rxc5 28.Rxd4+ Kc6 29.Rc4 Kd5
30.Rxc5+ Kxc5 31.g4 Kd5 32.h4 a6 33.h5 a5 34.h6  1-0

[Event "Winsoft Cup IM1"]
[Site "Olomouc CZE"]
[Date "2011.08.11"]
[Round "9"]
[White "Jurek,J"]
[Black "Stachanczyk,J"]
[Result "1-0"]
[WhiteElo "2324"]
[BlackElo "2328"]

1.Nf3 d5 2.g3 c6 3.Bg2 Nf6 4.O-O Nbd7 5.d4 e6 6.Nbd2 Be7 7.c4 O-O 8.Qc2 b5
9.c5 e5 10.dxe5 Ng4 11.e4 Ndxe5 12.exd5 Qxd5 13.Nxe5 Qxe5 14.Bxc6 Bf5 15.Be4 Bxe4
16.Nxe4 f5 17.Nd6 Bxd6 18.Qb3+ Kh8 19.cxd6 Qxd6 20.Bf4 Qb6 21.Rad1 Rae8 22.Rd6 Qb7
23.Rd5 a6 24.h3 Nh6 25.Bxh6 gxh6 26.Rfd1 f4 27.g4 Re2 28.Qd3 Qe7 29.Rd7 Re1+
30.Kh2 Rxd1 31.Qxd1 Qe5 32.Qb1 f3+ 33.Kh1  1-0

[Event "CECLUB Div2 Gp1"]
[Site "Padron ESP"]
[Date "2011.08.11"]
[Round "2"]
[White "Vega Gomez,F"]
[Black "San Emeterio Rubio,J"]
[Result "1-0"]
[WhiteElo "2220"]
[BlackElo "2037"]

1.Nf3 d5 2.g3 Nf6 3.Bg2 c6 4.O-O Bf5 5.d3 e6 6.Nfd2 Nbd7 7.e4 Bg4 8.f3 Qb6+
9.Kh1 Bh5 10.g4 Bg6 11.g5 Nh5 12.Nb3 h6 13.gxh6 e5 14.Qe1 dxe4 15.fxe4 gxh6
16.Nc3 Be7 17.Be3 Qc7 18.Ne2 Bg5 19.Bg1 Be7 20.a4 Qd8 21.Na5 Qc7 22.Nc4 Nhf6
23.b4 h5 24.Bh3 Ng4 25.Qc3 f6 26.Ne3 Rg8 27.Ng3 Nxe3 28.Bxe3 h4 29.Nf5 Bxf5
30.Rxf5 a5 31.b5 Qd6 32.bxc6 Qxc6 33.Qb3 O-O-O 34.Rh5 Rg7 35.Be6 Kb8 36.Bd5 Qc7
37.Rb1 Nc5 38.Qc4 b6 39.Rxh4 Ka7 40.Rh6 Qd7 41.Rh4 Rb8 42.Rg1 Rxg1+ 43.Bxg1 Bf8
44.Qb5 Qc7 45.c3 Nb7 46.Bc4 Rd8 47.Qa6+ Kb8 48.Bxb6  1-0

[Event "CECLUB Div2 Gp1"]
[Site "Padron ESP"]
[Date "2011.08.11"]
[Round "3"]
[White "Garcia Castro,P"]
[Black "Glavina,P"]
[Result "1-0"]
[WhiteElo "2399"]
[BlackElo "2469"]

1.g3 d5 2.Nf3 Nf6 3.Bg2 Bf5 4.c4 c6 5.cxd5 cxd5 6.Qb3 Qb6 7.Qxb6 axb6 8.Nc3 e6
9.d3 Nc6 10.O-O h6 11.Bf4 Bb4 12.Rfc1  1-0

[Event "XX TCh-MKD"]
[Site "Struga MKD"]
[Date "2011.08.11"]
[Round "4"]
[White "Simjanovski,S"]
[Black "Milosiev,T"]
[Result "1-0"]
[WhiteElo "2262"]
[BlackElo "2223"]

1.Nf3 d5 2.g3 Nf6 3.Bg2 Bg4 4.Ne5 Bh5 5.c4 c6 6.cxd5 Nxd5 7.Nc3 e6 8.O-O Nd7
9.Nf3 Be7 10.d4 O-O 11.e4 Nxc3 12.bxc3 Qc7 13.Qb3 b6 14.Re1 Rac8 15.Bf4 Bd6
16.Bxd6 Qxd6 17.e5 Qc7 18.Nd2 Rb8 19.Ne4 b5 20.a4 a6 21.axb5 axb5 22.Ra6 Nb6
23.Rea1 Ra8 24.Nd6 Rxa6 25.Rxa6 Rb8 26.Qa3 Nd5 27.Qc5 Ne7 28.Bxc6 Be2 29.Be4 Qxc5
30.dxc5 b4 31.Rb6  1-0

[Event "29th World Junior Girls"]
[Site "Chennai IND"]
[Date "2011.08.12"]
[Round "10.23"]
[White "Krumova,A"]
[Black "Arunima,K"]
[Result "0-1"]
[WhiteElo "1961"]
[BlackElo "1867"]

1.Nf3 d5 2.g3 Nf6 3.Bg2 Bg4 4.d3 e6 5.Ne5 Bf5 6.Nd2 Nbd7 7.Nxd7 Qxd7 8.O-O Bd6
9.e4 dxe4 10.dxe4 Bg4 11.f3 Bc5+ 12.Kh1 Bh5 13.Qe2 O-O 14.Nb3 Be7 15.Be3 c6
16.Rad1 Qc7 17.Rd3 Rfd8 18.Rfd1 b6 19.Bf2 e5 20.h4 Bg6 21.Bh3 h5 22.Be1 Rxd3
23.Rxd3 Rd8 24.Bc3 Ne8 25.Nd2 f6 26.Be6+ Kf8 27.Nc4 Nd6 28.Ne3 Nb5 29.Bc4 Nxc3
30.Rxc3 Bc5 31.Nf1 Bd4 32.Rb3 Qd7 33.Kg2 b5 34.Bd3 Bf7 35.Ra3 Bc5 36.Rc3 Bb4
37.Rb3 Bxb3 38.axb3 g6 39.Ne3 Bc5 40.Nd1 Qd4 41.Qf1 Kg7 42.Nc3 a5 43.Qe1 Ra8
44.Kh3 Qg1 45.Qxg1 Bxg1 46.Kg2 Bd4 47.Nd1 Kf7 48.Kf1 Ke6 49.Ke2 a4 50.bxa4 Rxa4
51.c3 Bb6 52.Bc2 Ra8 53.Kf1 Rd8 54.Ke2 Ke7  0-1

[Event "9th Davos Open"]
[Site "Davos SUI"]
[Date "2011.08.12"]
[Round "6.2"]
[White "Salvetti,A"]
[Black "Ferguson,M"]
[Result "1/2-1/2"]
[WhiteElo "2241"]
[BlackElo "2379"]

1.Nf3 d5 2.g3 Bg4 3.Bg2 Nd7 4.d4 e6 5.O-O Bd6 6.Nbd2 Ngf6 7.Re1 c6 8.e4 dxe4
9.Nxe4 Nxe4 10.Rxe4 Bh5 11.c3 O-O 12.Qb3 Qb6 13.Nd2 Bg6 14.Re1 Qxb3 15.axb3 Nb6
16.Ne4 Bxe4 17.Rxe4 Nd5 18.b4 a6 19.Bd2 Rfd8 20.Bf1 h6 21.Bd3 Nf6 22.Re2 Bf8
23.Kg2 Rd5 24.f4 Rad8 25.Kf3 Bxb4 26.Bxa6 bxa6 27.cxb4 Rxd4 28.Bc3 Rd3+ 29.Re3 Rxe3+
30.Kxe3 Nd5+ 31.Ke2 Rb8 32.Ra4 f6 33.Kd3 Nc7 34.Kc4 Rb5 35.h4 Kf7 36.Bd4 g5
37.hxg5 hxg5 38.Bc5 gxf4 39.gxf4 Ke8 40.Ra1 Kd7 41.Rd1+ Nd5 42.f5 exf5 43.Ra1 Rb8
44.Rxa6 Re8 45.Ra7+ Ke6 46.Ra6 Kd7 47.Ra7+ Ke6  1/2-1/2

[Event "22nd ch-NATO"]
[Site "Kaunas LTU"]
[Date "2011.08.12"]
[Round "7.33"]
[White "Geroly,J"]
[Black "Ivsek,Cveto"]
[Result "1/2-1/2"]
[WhiteElo "1978"]
[BlackElo "1823"]

1.Nf3 d5 2.g3 e6 3.Bg2 f5 4.d3 c6 5.O-O Nf6 6.Nbd2 Nbd7 7.e4 dxe4 8.dxe4 Be7
9.Re1 Nc5 10.exf5 exf5 11.Qe2 Nce4 12.Nxe4 Nxe4 13.Ng5 Bxg5 14.Qh5+ g6 15.Qxg5 O-O
16.Bxe4 fxe4 17.Qh6 Qf6 18.Qf4 Qxf4 19.Bxf4  1/2-1/2

[Event "22nd ch-NATO"]
[Site "Kaunas LTU"]
[Date "2011.08.12"]
[Round "7.4"]
[White "Pedersen,F"]
[Black "Jauk,W"]
[Result "1-0"]
[WhiteElo "2279"]
[BlackElo "2164"]

1.Nf3 d5 2.g3 c6 3.Bg2 g6 4.O-O Bg7 5.d3 Nf6 6.Nbd2 O-O 7.e4 Bg4 8.h3 Bxf3
9.Qxf3 e6 10.Rb1 Nbd7 11.Qe2 Qc7 12.f4 dxe4 13.dxe4 Rad8 14.e5 Nd5 15.Ne4 b5
16.c4 bxc4 17.Qxc4 Rb8 18.Bd2 Qb6+ 19.Kh2 Qb5 20.Rfc1 N7b6 21.Qxc6 Qe2 22.Qc2 Rfc8
23.Bc3 Qxc2 24.Rxc2 Nb4 25.Rd2 Nxa2 26.Ra1 Nxc3 27.bxc3 Nd5 28.Rxa7 Nxc3
29.Ng5 Rf8 30.Rdd7 Nb5 31.Ra5 h6 32.Ne4 Rfc8 33.g4 g5 34.Kg3 gxf4+ 35.Kxf4 Nc3
36.Nf6+ Bxf6 37.exf6 Rf8 38.Rc5 Rfc8 39.Rh5 Rb4+ 40.Ke3 Na4 41.Rxh6 Rc3+
42.Kf2 Rb2+ 43.Kg1 Rc8 44.g5 Nc5 45.Rd4  1-0

[Event "Split Open"]
[Site "Split CRO"]
[Date "2011.08.12"]
[Round "8.9"]
[White "Biliskov,V"]
[Black "Barrenechea Bahamonde,G"]
[Result "1-0"]
[WhiteElo "2358"]
[BlackElo "2196"]

1.Nf3 d5 2.g3 c5 3.Bg2 Nc6 4.O-O e6 5.d3 Bd6 6.Nbd2 Nge7 7.e4 O-O 8.Re1 Ng6
9.h4 Qc7 10.h5 Nge7 11.h6 g6 12.c3 f5 13.Qe2 Qb8 14.e5 Bc7 15.Nb3 b6 16.Bf4 Nd8
17.d4 a5 18.dxc5 a4 19.cxb6 Bxb6 20.Nbd4 Ba6 21.Qd2 Nec6 22.Nxc6 Nxc6 23.Ng5 Nd8
24.Bxd5 Bxf2+ 25.Kxf2 exd5 26.e6 Qa7+ 27.Be3 Qe7 28.Qxd5 f4 29.Bc5 fxg3+
30.Kxg3 Rf5 31.Qxf5 Qc7+ 32.Qe5  1-0

[Event "Botvinnik 100th Open"]
[Site "St Petersburg RUS"]
[Date "2011.08.12"]
[Round "1"]
[White "Zakharov,Y"]
[Black "Pasiev,R"]
[Result "0-1"]
[WhiteElo "1878"]
[BlackElo "2313"]

1.Nf3 d5 2.g3 Nf6 3.Bg2 c5 4.d4 Nc6 5.O-O cxd4 6.Nxd4 e5 7.Nxc6 bxc6 8.c4 Be7
9.Nc3 Be6 10.Qa4 O-O 11.Rd1 d4 12.Bg5 Qc7 13.Bxf6 Bxf6 14.Ne4 Be7 15.Nd2 Rab8
16.Qc2 f5 17.Nf1 e4 18.b3 Bf6 19.Rac1 c5 20.Rd2 Bg5 21.e3 d3 22.Qd1 Bf7 23.Bh3 Bg6
24.f4 Bd8 25.g4 fxg4 26.Bxg4 Qe7 27.Rg2 Bc7 28.Bh5 Bf5 29.Bg4 Bxg4 30.Qxg4 Rb6
31.Qg5 Qxg5 32.Rxg5 Rxf4 33.Rxc5 Rg4+ 34.Kh1 Rbg6 35.Nd2 Bxh2 36.Rc8+ Kf7
37.Rf1+ Ke7 38.Rff8 Bc7  0-1

[Event "10th Lichtenberger Sommer"]
[Site "Berlin GER"]
[Date "2011.08.13"]
[Round "1.75"]
[White "Klyszcz,M"]
[Black "Muenstermann,Claudia"]
[Result "1-0"]
[WhiteElo "2064"]
[BlackElo "1838"]

1.Nf3 d5 2.g3 Nf6 3.Bg2 e6 4.O-O Be7 5.c4 c6 6.d4 O-O 7.Nc3 Nbd7 8.cxd5 exd5
9.Qc2 a5 10.Re1 b5 11.e4 b4 12.Na4 dxe4 13.Ng5 Nb6 14.Nc5 Qxd4 15.Ncxe4 Nxe4
16.Bxe4 Bxg5 17.Bxg5 h6 18.Be7 Be6 19.Bc5 Qc4 20.Bxb6  1-0

[Event "10th Lichtenberger Sommer"]
[Site "Berlin GER"]
[Date "2011.08.13"]
[Round "1.3"]
[White "Lagunow,A"]
[Black "Schreyer,E"]
[Result "1-0"]
[WhiteElo "2434"]
[BlackElo "1831"]

1.Nf3 d5 2.g3 c6 3.Bg2 e6 4.O-O Bd6 5.d4 f5 6.b3 Nf6 7.Bb2 O-O 8.c4 Nbd7
9.Qc2 Ne4 10.Ne5 g5 11.Nd2 h5 12.Nxe4 fxe4 13.f3 Bxe5 14.dxe5 c5 15.cxd5 exd5
16.e6 Nf6 17.fxe4 d4 18.Qxc5 Bxe6 19.Qxg5+ Kh8 20.Qh6+ Kg8 21.Qg6+  1-0

[Event "27th Faaker See Open"]
[Site "Latschach AUT"]
[Date "2011.08.13"]
[Round "1"]
[White "Kaid,A"]
[Black "Zegstroo,M"]
[Result "1-0"]
[WhiteElo "2270"]
[BlackElo "1865"]

1.Nf3 d5 2.g3 e6 3.Bg2 Bd6 4.c4 c6 5.O-O dxc4 6.a4 Ne7 7.Na3 O-O 8.Nxc4 Bc7
9.d4 Na6 10.Qb3 Nd5 11.e4 Ndb4 12.Bd2 Qe7 13.Rac1 Rb8 14.Rfd1 b5 15.Nce5 Bb7
16.Bf1 Ba8 17.Re1 Bd6 18.axb5 cxb5 19.Ra1 Nc7 20.Rxa7 Nc6 21.Nxc6 Bxc6 22.e5 Bd5
23.exd6 Qxd6 24.Qd1 Qb6 25.Ra1 Bxf3 26.Qxf3 Qxd4 27.Bc3 Qc5 28.Qg4  1-0